鉄道会社の社章クイズ #2 - Statistics

General Stats
  • This quiz has been taken 14 times
  • The average score is 2 of 20
Answer Stats
Picture Answer % Correct
岳南電車
75%
東京急行電鉄
42%
銚子電気鉄道
25%
鞆鉄道
17%
箕面有馬電気軌道
17%
別府鉄道
8%
備南電気鉄道
8%
東濃鉄道
8%
武蔵野鉄道
8%
草軽電気鉄道
8%
西濃鉄道
8%
越後交通
8%
西大寺鉄道
8%
伊那電気鉄道
0%
花巻電鉄
0%
九十九里鉄道
0%
豊橋鉄道
0%
広島瓦斯電軌
0%
鞍手軌道
0%
熊延鉄道
0%
No matching quizzes found
Score Distribution
Percent of People with Each Score
Percentile by Number Answered
Your Score History
You have not taken this quiz